000 00708nam a2200217Ii 4500
003 JO-AjNU
008 230605s9999||||xx |||||||||||||| ||und||
017 _a88/2241
020 _a977-106-001-5
040 _aJO-AjNU
_bara
_erda
_cJO-AjNU
041 _aara
050 1 4 _aBP144.K53 1900
100 3 _aكشك، عبد الحميد,
_eauthor
_935220
245 0 0 _aفتاوى الشيخ كشك:هموم المسلم اليومية، ج4
264 3 1 _aالقاهرة: دار المختار الاسلامي، د.ت
300 _aج4، 135ص
336 _atext
_btxt
_2rdacontent
337 _aunmediated
_bn
_2rdamedia
338 _avolume
_bnc
_2rdacarrier
650 4 _aالفقه الاسلامي
_935221
999 _aA14518
_c18086
_d18086